000 00350nam a2200133Ia 4500
005 20251222153557.0
008 251222s9999||||xx |||||||||||||| ||spa||
082 _a323.409.85/B26
100 _aBasombrío, Ernesto de la Jara
245 0 _aEnsayo sobre la Justicia y Derechos Humanos
250 _a1ra.ed.
264 _bJusticia Viva
942 _cLIB
999 _c31093
_d31093